| 000 | 00323nam a2200097Ia 4500 | ||
|---|---|---|---|
| 008 | 240331s9999 xx 000 0 und d | ||
| 082 | _bMOV | ||
| 100 | _aThe Sri Lanka Women's NGO Forum. ed | ||
| 245 | 0 |
_aMoving forward towards the 21st century : _ba handbook on implementing the Beijing platform for action on women |
|
| 942 | _cL | ||
| 999 |
_c1798 _d1798 |
||